000 00556ngm a2200205 i 4500
001 C2-0313952
003 PPAK
005 20180727221032.0
008 111204s2010 my |||| ||||| | vlmay d
040 _aPPAK
_beng
_cPPAK
_erda
245 1 0 _aJangan pandang belakang congkak 2
264 1 _aKuala Lumpur :
_bMIG Production ,
_c2010
336 _2rdacontent
_atext
337 _2rdamedia
_aunmediated
338 _2rdacarrier
_avolume
700 _eauthor
700 0 _aAhmad Idham,
_ecompile
700 0 _aAhmad Mustadha,
_eeditor
942 _2ddc
_cDVD
999 _c166796
_d166796